| 000 | 01115nam a22003377a 4500 | ||
|---|---|---|---|
| 003 | CHAP | ||
| 005 | 20220329133434.0 | ||
| 008 | 971013s1992 r 00010 d | ||
| 010 | _a6390 | ||
| 011 | _a7362 | ||
| 035 | _a6585 | ||
| 040 | _cCHAP | ||
| 090 | _aTesis | ||
| 100 | 0 | 0 |
_aMartínez Martín, Tomás. _972253 |
| 245 | _aAprovechamientos forestales maderables precarios; análisis de su regulación y control en Acajete, Veracruz | ||
| 260 |
_aChapingo, Méx. : _bEl autor, _c1992 |
||
| 300 | _a119 h. | ||
| 500 | _a62-30 | ||
| 502 | _aTesis (Ing. Agr. Esp. en Bosques) -- UACH. División de Ciencias Forestales | ||
| 590 |
_aALEPH _b10 _c20130110 _lUCH01 _h1218 |
||
| 590 |
_aBATCH-UPD _b10 _c20130110 _lUCH01 _h1714 |
||
| 590 |
_aBATCH-UPD _b10 _c20130410 _lUCH01 _h1059 |
||
| 590 |
_aBATCH-UPD _b10 _c20130914 _lUCH01 _h1636 |
||
| 590 |
_aCONVERSION _b10 _c20130109 _lUCH01 _h1305 |
||
| 650 | 1 | 4 |
_aIndustria maderera. _957872 |
| 650 | 1 | 4 |
_aMadera aserrada. _969637 |
| 650 | 1 | 4 |
_aProductos forestales _xVeracruz. _992111 |
| 901 | _aBK | ||
| 942 | _cTESIS | ||
| 949 |
_bBC _cTES _d-16192 _eTS1 _h25894 _i6585 _si |
||
| 999 |
_c6390 _d6390 |
||